000 00826nam a22002651 4500
001 130079
003 ES-MaACL
005 20230906193633.0
007 t|
008 180707s1961 sp r ||||0| spa d
016 7 _zIND9100188953
040 _aM-BN
_bspa
_cA2
080 _a248.159.4
080 _a232.931
245 0 3 _aEl Corazón de María
_b: problemas actuales.
260 _aMadrid :
_bCoculsa,
_c1961.
300 _a3 h., 368 p ;
_c24 cm.
490 1 _aEstudios teológicos sobre los Sagrados Corazones
650 1 4 _aSagrado Corazón de María-
_xCulto.
_916966
650 1 4 _aMariología.
_914794
710 2 _aSociedad Teológica de los Sagrados Corazones (Madrid)
_96807
830 0 _aEstudios teológicos sobre los Sagrados Corazones
_9219414
852 _aES-MaACL
_jB-13890
999 _c130079
_d130079